El municipio y la educación de adultos encuentro nacional de presidentes municipales. Memoria.

I tiakina i:
Ngā taipitopito rārangi puna kōrero
Ngā kaituhi rangatōpū: El Municipio y la Educación de Adultos. Encuentro Nacional de Presidentes Municipales : Ganajuato, México memoria :, México. Presidencia de la República Secretaría de Educación Pública, Instituto Nacional para la Educación de los Adultos (México)
Hōputu: Mauhanga Hui Pukapuka
Reo:Pāniora
Ngā marau:
Ngā Tūtohu: Tāpirihia he Tūtohu
Kāore He Tūtohu, Me noho koe te mea tuatahi ki te tūtohu i tēnei pūkete!

MARC

LEADER 00000cam^a2200000uu^4500
001 000469353
005 20250521000000.0
008 050901s1987^^^^^^^^^^^^rd^r^1000^0^spa^d
009 20260310124534.345
035 |a FCE 000012108 
035 |a FCE 009186 
037 |a Acervo ITESO - Biblioteca 
041 |a spa 
082 0 4 |a 374.012  |b INEmu 
111 |a El Municipio y la Educación de Adultos. Encuentro Nacional de Presidentes Municipales :  |c Ganajuato, México)  |d (28-31 ene. 1987 :  |e memoria : 
245 1 3 |a El municipio y la educación de adultos encuentro nacional de presidentes municipales. Memoria. 
264 |a México :  |b INEA : SEP,  |c 1987. 
300 |a 354 p. 
336 |a texto  |b txt  |2 rdacontenido 
337 |a sin mediación  |b n  |2 rdamedio 
338 |a volumen  |b nc  |2 rdasoporte 
649 |a XX 
650 |a Programa de educación 
650 |a Alfabetización 
650 |a Educación de adultos 
650 |a Educación básica 
650 |a Participación de la comunidad 
650 |a Analfabetismo 
650 |a Memorias 
650 |a Municipios 
710 |a México. Presidencia de la República  |b Secretaría de Educación Pública 
710 |a Instituto Nacional para la Educación de los Adultos (México) 
910 |a Fondo Centro de Estudios Educativos 
920 |a Impresos - Libros 
930 |a Fondos Especiales 
905 |a 133 
901 |a ALE009186  |b IT2  |c CEE  |u 20250521 
902 |a https://opac.biblio.iteso.mx/vufind/Record/000469353